Statistics for Flags of the World - Harder Version

Click here to take the quiz!

General Stats

  • This quiz has been taken 383 times
    (360 since last reset)
  • The average score is 14 of 15

Answer Stats

Answer% Correct
Poland
98%
Albania
97%
Colombia
97%
Georgia
96%
Panama
96%
Kenya
94%
Pakistan
93%
Malaysia
92%
Sri Lanka
92%
Bangladesh
92%
Lebanon
91%
Singapore
88%
Trinidad and Tobago
86%
Afghanistan
84%
Tanzania
78%

Score Distribution

Percentile by Number Answered

Percent of People with Each Score

Your Score History

You have not taken this quiz since the last reset